Charo Pradas (Record no. 15428)

MARC details
000 - LÍDER
campo de control de longitud fija 00858nam a2200193Ia 4500
008 - ELEMENTOS DE DATOS DE LONGITUD FIJA - INFORMACIÓN GENERAL
campo de control de longitud fija 0000001999 sp ad 0000000000spa00
090 ## - NÚMERO DE LLAMADA DE TIPO LC LOCALMENTE ASIGNADO (OCLC)
Número de clasificación (OCLC) (R) PSP00 S15ch
100 1# - ENTRADA PRINCIPAL - NOMBRE PERSONAL
Nombre de la persona Sánchez Robayna, Andrés
245 10 - TÍTULO DECLARACIÓN
Título Charo Pradas
Declaración de responsabilidad / texto Andrés Sácnhez Rodayna ; fotografías Mateo Gamón
260 ## - PUBLICACIÓN, DISTRIBUCIÓN
Lugar de publicación Valencia (España) : Galería Luis Adelantado
Fecha de publicación 1999
300 ## - DESCRIPCIÓN FÍSICA
Alcance 45 p.
Dimensiones / 28 cm.
500 ## - NOTA GENERAL
Nota general Exposición realizada en ls Galería Luis Adelantado de Valencia, España en los meses de octubre y noviembre de 1999 \ Incluye datos biográficos y cronología artística \ Donación Galería Nueve Ochenta, Bogotá 2014
600 00 - ENTRADA DE SUJETO AÑADIDO - NOMBRE PERSONAL
Nombre de la persona PRADAS, CHARO, 1960/
Subdivisión general TRABAJOS PICTORICOS
650 14 - ENTRADA DE SUJETO AÑADIDO - TÉRMINO TÓPICO
Término tópico o elemento de entrada del nombre geográfico PINTURA ESPAÑOLA
650 14 - ENTRADA DE SUJETO AÑADIDO - TÉRMINO TÓPICO
Término tópico o elemento de entrada del nombre geográfico ARTE CONTEMPORANEO ESPAÑOL
650 14 - ENTRADA DE SUJETO AÑADIDO - TÉRMINO TÓPICO
Subdivisión general CATALOGOS
650 14 - ENTRADA DE SUJETO AÑADIDO - TÉRMINO TÓPICO
Subdivisión general EXPOSICIONES
650 14 - ENTRADA DE SUJETO AÑADIDO - TÉRMINO TÓPICO
Término tópico o elemento de entrada del nombre geográfico PINTORES ESPAÑOLES
Holdings
Estado de retirada Pérdida de estatus Estado dañado No para préstamo Código de recogida Ubicación permanente Ubicación actual Ubicación de las estanterías Fecha de adquisición Número de llamada completo Código de barras Fecha de la última vez que se vio Número de copia Precio efectivo desde Tipo de artículo Koha
        General ArtNexus ArtNexus General 06/09/2022 P-SP-00 S15CH 15715 06/09/2022 Ej.1 06/09/2022 Libro

Powered by Koha